| 000 | 00454cam a2200181ua 4500 | ||
|---|---|---|---|
| 020 | _c150.00 | ||
| 041 |
_aeng _h |
||
| 082 |
_a581 _bDRU/US |
||
| 100 | _aDrury, Colonet Leber . | ||
| 245 |
_aUseful plants of India / _cColonet Leber Drury. _hTextual Documents |
||
| 250 |
_a2 / _b. |
||
| 260 |
_a : _bInternational book distributors , _c1985. |
||
| 300 | _a512 ; . | ||
| 365 | _a150.00 | ||
| 504 | _a | ||
| 942 | _cBK | ||
| 999 |
_c2196 _d2196 |
||